[Event "Titled Tuesday intern op 26th Nov Late"]
[Site "Chess.com INT"]
[Date "2024.11.26"]
[Round "4"]
[White "Ragger, Markus"]
[Black "Chor, Kevin"]
[Result "1-0"]
[WhiteElo "2579"]
[BlackElo "1966"]
[PlyCount "87"]
[EventDate "2024.11.26"]
[EventType "swiss (blitz)"]
[EventRounds "11"]
[EventCountry "USA"]
[SourceTitle "CB49_2024"]
[SourceDate "2024.12.04"]
[SourceVersion "1"]
[SourceVersionDate "2024.12.04"]
[SourceQuality "1"]

1. d4 Nf6 2. c4 g6 3. Nc3 Bg7 4. e4 d6 5. Nf3 0-0 6. Be2 e5 7. 0-0 Nc6 8. dxe5 dxe5 9. Bg5 Nd4 10. Nxd4 exd4 11. Nd5 c6 12. e5 cxd5 13. Qxd4 dxc4 14. Qh4 Be6 15. Bxf6 Qd2 16. Bxc4 Bxc4 17. Qxc4 Bxf6 18. exf6 Qxb2 19. Rab1 Qxf6 20. Rxb7 Rfc8 21. Qb3 a5 22. a4 Rc3 23. Qd5 Ra6 24. h3 Qe6 25. Qd8+ Kg7 26. Rb8 Rac6 27. Qf8+ Kf6 28. Qh8+ Kf5 29. Qxh7 Rc1 30. Rb5+ R1c5 31. Qh4 Rxb5 32. axb5 Rc4 33. g4+ Ke5 34. Re1+ Re4 35. Qg5+ f5 36. Rxe4+ Kxe4 37. Qe3+ Kd5 38. Qb3+ Kd6 39. Qa3+ Kd7 40. Qxa5 fxg4 41. Qa7+ Ke8 42. Qb8+ Kf7 43. Qf4+ Ke8 44. hxg4 1-0

[Event "Titled Tuesday intern op 20th Aug Late"]
[Site "Chess.com INT"]
[Date "2024.08.20"]
[Round "2"]
[White "Chor, Kevin"]
[Black "Galchenko, Matvey"]
[Result "0-1"]
[WhiteElo "1966"]
[BlackElo "2438"]
[PlyCount "50"]
[EventDate "2024.08.20"]
[EventType "swiss (blitz)"]
[EventRounds "11"]
[EventCountry "USA"]
[SourceTitle "EXT 2025"]
[Source "ChessBase"]
[SourceDate "2024.10.14"]
[SourceVersion "1"]
[SourceVersionDate "2024.10.14"]
[SourceQuality "1"]

1. e4 e6 2. d4 d5 3. Nd2 a6 4. Bd3 c5 5. exd5 exd5 6. dxc5 Bxc5 7. Ngf3 Nf6 8. 0-0 0-0 9. h3 Nc6 10. a3 Re8 11. b4 Bb6 12. Bb2 Ne4 13. c4 Nxd2 14. Qxd2 dxc4 15. Qc3 Nd4 16. Bxc4 Nxf3+ 17. Qxf3 Be6 18. Qg3 f6 19. Bxe6+ Rxe6 20. Qb3 Qd7 21. Rad1 Qf7 22. Qa4 Re2 23. Bd4 Bc7 24. Be3 b5 25. Rd7 bxa4 0-1

[Event "Titled Tuesday intern op 06th Aug Late"]
[Site "Chess.com INT"]
[Date "2024.08.06"]
[Round "2"]
[White "Askarov, Bakhtiyar"]
[Black "Chor, Kevin"]
[Result "1-0"]
[WhiteElo "2280"]
[BlackElo "1966"]
[PlyCount "53"]
[EventDate "2024.08.06"]
[EventType "swiss (blitz)"]
[EventRounds "11"]
[EventCountry "USA"]
[SourceTitle "EXT 2025"]
[Source "ChessBase"]
[SourceDate "2024.10.14"]
[SourceVersion "1"]
[SourceVersionDate "2024.10.14"]
[SourceQuality "1"]

1. b3 Nf6 2. Bb2 e6 3. e3 Be7 4. Nf3 0-0 5. d4 b6 6. Bd3 Bb7 7. Nbd2 c5 8. 0-0 d6 9. c4 Nbd7 10. Qe2 h6 11. Rfd1 Qc7 12. Rac1 Rfe8 13. e4 cxd4 14. Nxd4 Nc5 15. Bb1 Nfd7 16. Nf1 Bf6 17. Nb5 Qb8 18. Bxf6 Nxf6 19. Nxd6 Rd8 20. e5 Ne8 21. b4 Nxd6 22. exd6 Nd7 23. c5 bxc5 24. bxc5 Bc6 25. Ng3 Nf6 26. Nh5 Nd5 27. Qe5 1-0

[Event "Titled Tuesday intern op 06th Aug Late"]
[Site "Chess.com INT"]
[Date "2024.08.06"]
[Round "4"]
[White "Sultanbek, Zeinep"]
[Black "Chor, Kevin"]
[Result "1-0"]
[WhiteElo "2098"]
[BlackElo "1966"]
[PlyCount "127"]
[EventDate "2024.08.06"]
[EventType "swiss (blitz)"]
[EventRounds "11"]
[EventCountry "USA"]
[SourceTitle "EXT 2025"]
[Source "ChessBase"]
[SourceDate "2024.10.14"]
[SourceVersion "1"]
[SourceVersionDate "2024.10.14"]
[SourceQuality "1"]

1. Nf3 c5 2. c4 Nc6 3. Nc3 g6 4. d3 Bg7 5. g3 a6 6. Bg2 Rb8 7. 0-0 b5 8. cxb5 axb5 9. Rb1 d5 10. Nxd5 Qxd5 11. Bf4 Qd7 12. Bxb8 Nxb8 13. Qc2 Na6 14. Rfd1 Nh6 15. d4 c4 16. Ne5 Bxe5 17. dxe5 Qc7 18. Qd2 Nf5 19. Bc6+ Kf8 20. Bxb5 Kg7 21. Rbc1 Qxe5 22. Bxc4 Nc5 23. Qc3 Qxc3 24. Rxc3 Ne4 25. Ra3 Ned6 26. Bd5 e6 27. Bc6 Nc4 28. Ra8 Nxb2 29. Rb1 Nc4 30. Rbb8 Nfd6 31. Bd7 Bxd7 32. Rxh8 Bc6 33. Rad8 Nf5 34. Rc8 Nd4 35. e3 Nf3+ 36. Kf1 Nce5 37. h4 Kf6 38. Rxh7 Bd5 39. a4 Ng4 40. a5 Nd2+ 41. Ke2 Ne4 42. a6 Ngxf2 43. a7 Nh1 44. Rhh8 Nhxg3+ 45. Kd3 Ke5 46. Rhd8 Nd6 47. Rb8 Be4+ 48. Kd2 Ngf5 49. a8Q Bxa8 50. Rxa8 Nxh4 51. Ra5+ Kf6 52. Rxd6 Nf5 53. Rd7 g5 54. Raa7 Nh6 55. Ke2 g4 56. Kf2 Kg6 57. Kg3 f5 58. Rg7+ Kf6 59. Rh7 Kg5 60. Rag7+ Kh5 61. Kf4 e5+ 62. Kxe5 g3 63. Rh8 Kh4 64. Rxh6# 1-0

[Event "Titled Tuesday intern op 30th Jul Late"]
[Site "Chess.com INT"]
[Date "2024.07.30"]
[Round "4"]
[White "Buchenau, Frank"]
[Black "Chor, Kevin"]
[Result "0-1"]
[WhiteElo "2174"]
[BlackElo "1966"]
[PlyCount "98"]
[EventDate "2024.07.30"]
[EventType "swiss (blitz)"]
[EventRounds "11"]
[EventCountry "USA"]
[SourceTitle "EXT 2025"]
[Source "ChessBase"]
[SourceDate "2024.10.14"]
[SourceVersion "1"]
[SourceVersionDate "2024.10.14"]
[SourceQuality "1"]

1. e4 c5 2. Nf3 d6 3. Bb5+ Nc6 4. 0-0 e5 5. c3 Bg4 6. h3 Bxf3 7. Qxf3 Be7 8. Rd1 Nf6 9. d4 cxd4 10. cxd4 exd4 11. Rxd4 0-0 12. Bxc6 bxc6 13. Nc3 Qb6 14. Qd1 Rfd8 15. Na4 Qb7 16. Bf4 c5 17. Rc4 Nxe4 18. Qe2 d5 19. Rc2 Rac8 20. Re1 Bf6 21. f3 Bd4+ 22. Kh2 Nf6 23. Qd3 Nh5 24. Bg5 Qb8+ 25. f4 f6 26. g4 Nxf4 27. Bxf4 Qxf4+ 28. Qg3 Qxg3+ 29. Kxg3 Be5+ 30. Kf3 c4 31. b3 c3 32. Rd1 d4 33. Rd3 Kf7 34. b4 Rc4 35. a3 Rb8 36. Nc5 a5 37. Nd7 Rb5 38. Nxe5+ fxe5 39. bxa5 Rxa5 40. Ke4 Rb5 41. Rf3+ Ke7 42. Kd3 Ra4 43. Rcf2 Rxa3 44. Rf7+ Ke6 45. Rf8 c2+ 46. Kc4 c1Q+ 47. Kxb5 Rb3+ 48. Ka4 Qb1 49. Re8+ Kd7 0-1

[Event "Titled Tuesday intern op 30th Jul Late"]
[Site "Chess.com INT"]
[Date "2024.07.30"]
[Round "1"]
[White "Santos, Renato Andrade"]
[Black "Chor, Kevin"]
[Result "0-1"]
[WhiteElo "2140"]
[BlackElo "1966"]
[PlyCount "36"]
[EventDate "2024.07.30"]
[EventType "swiss (blitz)"]
[EventRounds "11"]
[EventCountry "USA"]
[SourceTitle "EXT 2025"]
[Source "ChessBase"]
[SourceDate "2024.10.14"]
[SourceVersion "1"]
[SourceVersionDate "2024.10.14"]
[SourceQuality "1"]

1. e4 c5 2. d4 cxd4 3. c3 g6 4. cxd4 d5 5. exd5 Nf6 6. Nc3 Bg7 7. Bc4 0-0 8. Nge2 Nbd7 9. Bb3 Nb6 10. Nf4 Bf5 11. 0-0 g5 12. Nfe2 h6 13. Ng3 Bg6 14. f4 gxf4 15. Bxf4 Nfxd5 16. Nxd5 Nxd5 17. Be5 Ne3 18. Qf3 Nxf1 0-1

[Event "Titled Tuesday intern op 23rd Jul Late"]
[Site "Chess.com INT"]
[Date "2024.07.23"]
[Round "1"]
[White "Chor, Kevin"]
[Black "Byambaa, Uyanga"]
[Result "0-1"]
[WhiteElo "1966"]
[BlackElo "2019"]
[PlyCount "48"]
[EventDate "2024.07.23"]
[EventType "swiss (blitz)"]
[EventRounds "11"]
[EventCountry "USA"]
[SourceTitle "EXT 2025"]
[Source "ChessBase"]
[SourceDate "2024.10.14"]
[SourceVersion "1"]
[SourceVersionDate "2024.10.14"]
[SourceQuality "1"]

1. e4 c5 2. Nf3 d6 3. d4 cxd4 4. Nxd4 Nf6 5. Nc3 g6 6. Be3 Bg7 7. f3 0-0 8. Qd2 Nc6 9. Bc4 Nxd4 10. Bxd4 Be6 11. Bb3 Qa5 12. 0-0-0 b5 13. Kb1 b4 14. Nd5 Bxd5 15. exd5 Qb5 16. h4 a5 17. c4 bxc3 18. Bxc3 a4 19. Bc2 Rab8 20. Ka1 Rfc8 21. Bd4 Nxd5 22. Bxg7 Kxg7 23. Be4 Nb4 24. h5 Nc2+ 0-1

[Event "Titled Tuesday intern op 16th Jul Late"]
[Site "Chess.com INT"]
[Date "2024.07.16"]
[Round "3"]
[White "Chor, Kevin"]
[Black "Quiroz Alva, Franco Rodrigo"]
[Result "1-0"]
[WhiteElo "1966"]
[BlackElo "1919"]
[PlyCount "57"]
[EventDate "2024.07.16"]
[EventType "swiss (blitz)"]
[EventRounds "11"]
[EventCountry "USA"]
[SourceTitle "EXT 2025"]
[Source "ChessBase"]
[SourceDate "2024.10.14"]
[SourceVersion "1"]
[SourceVersionDate "2024.10.14"]
[SourceQuality "1"]

1. d4 d5 2. c4 c6 3. Nf3 Nf6 4. Qc2 g6 5. e3 Bg7 6. Nc3 Bf5 7. Bd3 Bxd3 8. Qxd3 0-0 9. 0-0 Nbd7 10. e4 dxe4 11. Nxe4 Nxe4 12. Qxe4 Re8 13. Bf4 Qb6 14. Rab1 Qa5 15. a3 e5 16. b4 Qxa3 17. dxe5 Nf8 18. Bd2 Qa6 19. Be3 b6 20. Qxc6 Rac8 21. Qb5 Qxb5 22. cxb5 Bxe5 23. Rb3 Bf6 24. Ra3 Re7 25. g4 Ne6 26. Rd1 Rc4 27. g5 Rg4+ 28. Kf1 Nxg5 29. h3 1-0

[Event "Titled Tuesday intern op 09th Jul Late"]
[Site "Chess.com INT"]
[Date "2024.07.09"]
[Round "2"]
[White "Chor, Kevin"]
[Black "Popov, Konstantin"]
[Result "0-1"]
[WhiteElo "1966"]
[BlackElo "2386"]
[PlyCount "76"]
[EventDate "2024.07.09"]
[EventType "swiss (blitz)"]
[EventRounds "11"]
[EventCountry "USA"]
[SourceTitle "EXT 2025"]
[Source "ChessBase"]
[SourceDate "2024.10.14"]
[SourceVersion "1"]
[SourceVersionDate "2024.10.14"]
[SourceQuality "1"]

1. e4 c5 2. Nf3 d6 3. d4 Nf6 4. Nc3 cxd4 5. Nxd4 a6 6. Be2 e5 7. Nb3 Be7 8. Be3 Be6 9. Nd5 Bxd5 10. exd5 Nbd7 11. Qd2 0-0 12. Na5 Qc7 13. c4 Rfe8 14. 0-0 Bf8 15. b4 b6 16. Nc6 Nb8 17. b5 a5 18. f4 exf4 19. Rxf4 Nbd7 20. Raf1 Re4 21. Bd4 Rae8 22. Bd3 Rxf4 23. Qxf4 Ne5 24. Bc2 Nfd7 25. Qh4 g6 26. Bc3 Nc5 27. Re1 Bg7 28. Qg3 Ncd7 29. h4 h5 30. Bd4 Qc8 31. Qf2 Ng4 32. Rxe8+ Qxe8 33. Qd2 Bxd4+ 34. Nxd4 Qe5 35. Nf3 Qa1+ 36. Bd1 Nde5 37. Nd4 Nxc4 38. Qf2 Nxf2 0-1

[Event "Titled Tuesday intern op 02nd Jul Late"]
[Site "Chess.com INT"]
[Date "2024.07.02"]
[Round "3"]
[White "Chor, Kevin"]
[Black "Weisz, Bryan"]
[Result "0-1"]
[WhiteElo "1966"]
[BlackElo "2004"]
[PlyCount "68"]
[EventDate "2024.07.02"]
[EventType "swiss (blitz)"]
[EventRounds "11"]
[EventCountry "USA"]
[SourceTitle "EXT 2025"]
[Source "ChessBase"]
[SourceDate "2024.10.14"]
[SourceVersion "1"]
[SourceVersionDate "2024.10.14"]
[SourceQuality "1"]

1. d4 d6 2. e4 c5 3. Nf3 Nf6 4. Nc3 cxd4 5. Nxd4 g6 6. Be3 Bg7 7. f3 a6 8. Qd2 h5 9. 0-0-0 b5 10. Kb1 Nbd7 11. Nd5 Bb7 12. c4 bxc4 13. Bxc4 Nxd5 14. Bxd5 Bxd5 15. exd5 Rb8 16. Nc6 Qc7 17. Bd4 0-0 18. Nxe7+ Kh7 19. Nc6 Rb5 20. Bxg7 Kxg7 21. Qd4+ Kh7 22. g4 Nb6 23. gxh5 Rxd5 24. hxg6+ fxg6 25. Qc3 Rc5 26. Qd3 Qxc6 27. Rhg1 Rf6 28. Qxa6 Rb5 29. Qa7+ Kh6 30. Qb8 Rxb2+ 31. Kxb2 Na4+ 32. Ka3 Rxf3+ 33. Kb4 Qc5+ 34. Kxa4 Ra3# 0-1

[Event "Titled Tuesday intern op 25th Jun Late"]
[Site "Chess.com INT"]
[Date "2024.06.25"]
[Round "6"]
[White "Ai, Evan Zihao"]
[Black "Chor, Kevin"]
[Result "0-1"]
[WhiteElo "2150"]
[BlackElo "1966"]
[PlyCount "50"]
[EventDate "2024.06.25"]
[EventType "swiss (blitz)"]
[EventRounds "11"]
[EventCountry "USA"]
[SourceTitle "EXT 2025"]
[Source "ChessBase"]
[SourceDate "2024.10.14"]
[SourceVersion "1"]
[SourceVersionDate "2024.10.14"]
[SourceQuality "1"]

1. d4 Nf6 2. c4 g6 3. Nc3 Bg7 4. e4 d6 5. h3 0-0 6. Be3 Nc6 7. d5 Nb8 8. g4 e5 9. Qc2 c6 10. dxc6 Nxc6 11. 0-0-0 Nd4 12. Bxd4 exd4 13. Nb5 Qa5 14. Kb1 Bd7 15. Nxd4 Rac8 16. Nb3 Qe5 17. Bd3 Nxe4 18. Nf3 Qf6 19. Nfd4 Nc5 20. Nxc5 Rxc5 21. Nb3 Rc7 22. Rhe1 b5 23. Nc1 bxc4 24. Be4 Rb8 25. Re2 Ba4 0-1

[Event "Titled Tuesday intern op 18th Jun Late"]
[Site "Chess.com INT"]
[Date "2024.06.18"]
[Round "2"]
[White "Dudin, Gleb"]
[Black "Chor, Kevin"]
[Result "1-0"]
[WhiteElo "2532"]
[BlackElo "1966"]
[PlyCount "107"]
[EventDate "2024.06.18"]
[EventType "swiss (blitz)"]
[EventRounds "11"]
[EventCountry "USA"]
[SourceTitle "EXT 2025"]
[Source "ChessBase"]
[SourceDate "2024.10.14"]
[SourceVersion "1"]
[SourceVersionDate "2024.10.14"]
[SourceQuality "1"]

1. Nf3 Nf6 2. d4 g6 3. Bf4 d6 4. e3 Bg7 5. h3 0-0 6. Be2 Nbd7 7. 0-0 b6 8. Bh2 Bb7 9. a4 a6 10. Re1 Ne4 11. Nbd2 e5 12. c3 Qe7 13. Qc2 f5 14. a5 b5 15. c4 b4 16. Rad1 c5 17. dxe5 dxe5 18. Nxe4 Bxe4 19. Qa4 Rad8 20. Nd2 Bb7 21. Qc2 Nf6 22. Bf3 e4 23. Be2 Nd7 24. Nb3 Be5 25. Bxe5 Nxe5 26. Rxd8 Qxd8 27. Rd1 Qg5 28. Nxc5 Bc8 29. Rd5 Nf3+ 30. Kf1 Nh2+ 31. Kg1 Nf3+ 32. Bxf3 exf3 33. g3 Qh6 34. h4 Qh5 35. Rd4 f4 36. Ne4 fxe3 37. fxe3 Bf5 38. Qf2 Kh8 39. Ng5 Qh6 40. Rf4 Qg7 41. Rxf3 Rd8 42. e4 Bg4 43. Nf7+ Kg8 44. Nxd8 Bxf3 45. Qxf3 Qd4+ 46. Qf2 Qxd8 47. Kg2 Qd3 48. Qf3 Qc2+ 49. Kh3 b3 50. e5 Qxb2 51. Qd5+ Kg7 52. e6 Kf6 53. Qd7 Qe5 54. Qf7# 1-0

[Event "Titled Tuesday intern op 11th Jun Late"]
[Site "Chess.com INT"]
[Date "2024.06.11"]
[Round "3"]
[White "Chor, Kevin"]
[Black "Ribeiro, Gustavo"]
[Result "0-1"]
[WhiteElo "1966"]
[BlackElo "2246"]
[PlyCount "52"]
[EventDate "2024.06.11"]
[EventType "swiss (blitz)"]
[EventRounds "11"]
[EventCountry "USA"]
[SourceTitle "EXT 2025"]
[Source "ChessBase"]
[SourceDate "2024.10.14"]
[SourceVersion "1"]
[SourceVersionDate "2024.10.14"]
[SourceQuality "1"]

1. e4 e5 2. Nf3 Nc6 3. d4 exd4 4. Bc4 Nf6 5. e5 d5 6. Bb5 Nd7 7. c3 dxc3 8. Qxd5 cxb2 9. Bxb2 Bb4+ 10. Nc3 0-0 11. 0-0 Nb6 12. Qe4 Be6 13. Rad1 Qe7 14. Bxc6 bxc6 15. Qxc6 Rad8 16. Nb5 Bd7 17. Rxd7 Qxd7 18. Nxa7 Ra8 19. Qe4 Qd5 20. Qxb4 Rxa7 21. a3 Ra4 22. Qe7 Nc4 23. Bd4 Nd2 24. Bc5 Nxf3+ 25. gxf3 Rfa8 26. Kg2 Rg4+ 0-1

[Event "Titled Tuesday intern op 04th Jun Late"]
[Site "Chess.com INT"]
[Date "2024.06.04"]
[Round "7"]
[White "Christiansen, Johan Sebastian"]
[Black "Chor, Kevin"]
[Result "1-0"]
[WhiteElo "2655"]
[BlackElo "1966"]
[PlyCount "73"]
[EventDate "2024.06.04"]
[EventType "swiss (blitz)"]
[EventRounds "11"]
[EventCountry "USA"]
[SourceTitle "EXT 2025"]
[Source "ChessBase"]
[SourceDate "2024.10.14"]
[SourceVersion "1"]
[SourceVersionDate "2024.10.14"]
[SourceQuality "1"]

1. e4 c5 2. Nf3 Nc6 3. b4 Nxb4 4. c3 Nc6 5. d4 cxd4 6. cxd4 d6 7. d5 Nb8 8. Bd3 Nf6 9. Bb2 Nbd7 10. 0-0 g6 11. Nbd2 Bg7 12. Nb3 0-0 13. Re1 Ng4 14. Bxg7 Kxg7 15. Bf1 Nge5 16. Nfd4 Nc5 17. Rc1 Nxb3 18. Qxb3 Qb6 19. Qe3 Bd7 20. Rb1 Qa5 21. Rxb7 Rab8 22. Reb1 Rxb7 23. Rxb7 Qxa2 24. Rxa7 Qb2 25. h3 Rc8 26. f4 Rc3 27. Qf2 Qxf2+ 28. Kxf2 Nd3+ 29. Bxd3 Rxd3 30. Nf3 Bb5 31. Rxe7 Kf6 32. Rb7 Bc4 33. Ng5 Rd2+ 34. Kg3 Rd3+ 35. Kh2 Kg7 36. Rxf7+ Kg8 37. Rc7 1-0

[Event "Titled Tuesday intern op 14th May Late"]
[Site "Chess.com INT"]
[Date "2024.05.14"]
[Round "2"]
[White "Lobanov, Sergei"]
[Black "Chor, Kevin"]
[Result "1-0"]
[WhiteElo "2507"]
[BlackElo "1966"]
[PlyCount "61"]
[EventDate "2024.05.14"]
[EventType "swiss (blitz)"]
[EventRounds "11"]
[EventCountry "USA"]
[SourceTitle "CBM 220 Extra"]
[Source "ChessBase"]
[SourceDate "2024.07.31"]
[SourceVersion "1"]
[SourceVersionDate "2024.07.31"]
[SourceQuality "1"]

1. d4 Nf6 2. c4 g6 3. Nc3 d5 4. cxd5 Nxd5 5. e4 Nxc3 6. bxc3 Bg7 7. Nf3 0-0 8. Be2 c6 9. 0-0 Nd7 10. Bg5 h6 11. Bf4 Qa5 12. Qd3 e5 13. Bd2 Rd8 14. Qe3 Qb6 15. Rab1 Qc7 16. h4 exd4 17. cxd4 Nf6 18. Ne5 c5 19. Bc3 cxd4 20. Bxd4 Rxd4 21. Qxd4 Nd7 22. f4 Nxe5 23. fxe5 Bxe5 24. Qc4 Qe7 25. Qd5 Bc7 26. e5 Be6 27. Qxb7 Bb6+ 28. Rxb6 Qc5+ 29. Kh1 Rc8 30. Rxe6 fxe6 31. Qf7+ 1-0

[Event "Titled Tuesday intern op 16th Apr Late"]
[Site "Chess.com INT"]
[Date "2024.04.16"]
[Round "1"]
[White "Chor, Kevin"]
[Black "Camacho Campusano, David Daniel"]
[Result "1-0"]
[WhiteElo "1966"]
[BlackElo "2181"]
[PlyCount "97"]
[EventDate "2024.04.16"]
[EventType "swiss (blitz)"]
[EventRounds "11"]
[EventCountry "USA"]
[SourceTitle "CBM 219 Extra"]
[Source "ChessBase"]
[SourceDate "2024.05.31"]
[SourceVersion "1"]
[SourceVersionDate "2024.05.31"]
[SourceQuality "1"]

1. e4 e5 2. Nf3 Nc6 3. d4 exd4 4. Bc4 Bc5 5. Ng5 Nh6 6. Nxf7 Nxf7 7. Bxf7+ Kxf7 8. Qh5+ g6 9. Qxc5 d6 10. Qb5 Re8 11. 0-0 Rxe4 12. c3 Re5 13. Qb3+ Be6 14. Qxb7 Qe8 15. Qxc7+ Kg8 16. Qxd6 Rd8 17. Qa3 Bc4 18. Bf4 Re1 19. Nd2 Bxf1 20. Rxe1 Qxe1 21. Nxf1 d3 22. Qb3+ Kg7 23. Qb7+ Ne7 24. Be3 Kf7 25. Qf3+ Nf5 26. Qb7+ Ne7 27. Qb3+ Ke8 28. Qb5+ Rd7 29. g3 Nf5 30. Qe5+ Re7 31. Qh8+ Kd7 32. Bg5 Rf7 33. Qd8+ Kc6 34. Qxd3 Nd6 35. Be3 Rf5 36. Bxa7 h5 37. Qa6+ Kd7 38. Be3 h4 39. Kg2 h3+ 40. Kxh3 Rb5 41. Nd2 Rxb2 42. Qa4+ Ke6 43. Qd4 Rb5 44. Kg2 Rd5 45. Qg4+ Rf5 46. Nf3 Kf6 47. Nxe1 Nf7 48. Bd4+ Ke6 49. Qxg6+ 1-0